000 00519nam a2200217Ia 4500
003 OSt
005 20220928144052.0
006 a|||||r|||| 00| 0
007 ta
008 220927b |||||||| |||| 00| 0 eng d
024 _a24024
037 _cTextual
040 _aSDCL
_cSDCL
_beng
041 _2eng
_aeng
082 _aQ1:37, N4
100 _aVannucci M
245 0 _aEcological readings in the veda.
260 _c1994
942 _hQ1:37, N4
_cTEXL
_2CC
999 _c825949
_d825949